ბათუმის შოთა რუსთაველის სახელმწიფო უნივერსიტეტის ბიბლიოთეკა

ლექსები (ბიბ.ჩანაწერი № 50567)

000 -LEADER
fixed length control field 00628nam a2200217Ia 4500
001 - CONTROL NUMBER
control field 17517
003 - CONTROL NUMBER IDENTIFIER
control field GE_BSU
008 - FIXED-LENGTH DATA ELEMENTS--GENERAL INFORMATION
fixed length control field 181216s||||||||xx |||||||||||||| ||und||
040 ## - CATALOGING SOURCE
Transcribing agency GE_BSU
080 ## - UNIVERSAL DECIMAL CLASSIFICATION NUMBER
Universal Decimal Classification number 821.353.1-1
100 ## - MAIN ENTRY--PERSONAL NAME
Personal name იმედაძ,ლაზარე
245 ## - TITLE STATEMENT
Title ლექსები
245 ## - TITLE STATEMENT
Statement of responsibility, etc. [წინასიტყვ. ავტ.: ნიკოლოზ მიწიშვილი]
260 ## - PUBLICATION, DISTRIBUTION, ETC.
Place of publication, distribution, etc. ტფილისი
260 ## - PUBLICATION, DISTRIBUTION, ETC.
Name of publisher, distributor, etc. სახელგამი
260 ## - PUBLICATION, DISTRIBUTION, ETC.
Date of publication, distribution, etc. 1926
300 ## - PHYSICAL DESCRIPTION
Extent 28გვ.;18სმ.
300 ## - PHYSICAL DESCRIPTION
Accompanying material სურათი
653 ## - INDEX TERM--UNCONTROLLED
Uncontrolled term ლექსები
942 ## - ADDED ENTRY ELEMENTS (KOHA)
Koha item type წიგნი
ეგზემპლარები
Withdrawn status Lost status Damaged status Not for loan Date acquired Barcode Date last seen Price effective from Koha item type Public note
        2018-12-17 41348 2018-12-17 2018-12-17 წიგნი აგრარული ტექ.ფაკ.